00507 2200193 4500001002100000005001500021035002000036007000300056008004100059020001800100082001000118084001600128100001600144245004700160260004500207300002400252600001600276990002100292INLIS00000000000033020220527092030 a0010-0522000030ta220527 0 ind  a9786021143254 a155.2 a155.2 MAY p0 aMaya Rianti1 aPendidikan karakter bangsa 5 : kerja keras aJakarta :bMustika Pustaka Negeri,c2017 a76 :bilus ;c29 cm 4akerja keras a305/smpn7/sby/18